Restorinf financial flows to Latin America /

sin resumen

保存先:
書誌詳細
第一著者: Emmerij, Louis
その他の著者: Iglesias, Enrique
フォーマット: 不明
出版事項: París: OECD
主題:
タグ: タグ追加
タグなし, このレコードへの初めてのタグを付けませんか!

MARC

LEADER 00000 a2200000 04500
001 2751
003
008 991231s d
040
020 |a [sin ISBN]  
022 |a [sin ISBN]  
090 |a 110302  
100 |a Emmerij, Louis  
245 |a Restorinf financial flows to Latin America /  |c Louis Emmerij 
260 |a París:   |b OECD  
300 |a 251 p  
520 |a sin resumen  
650 |a DESARROLLO ECONOMICO Y SOCIAL  
700 |a Iglesias, Enrique;  
999 |c 13846  |d 13846